Statistics for Oceania Countries in a Chosen Order

Click here to take the quiz!

General Stats

  • This quiz has been taken 13 times
  • The average score is 11 of 14

Answer Stats

Country% Correct
Papua New Guinea
92%
Tonga
92%
Australia
85%
Federated States of Micronesia
85%
Samoa
85%
New Zealand
85%
Fiji
85%
Palau
85%
Tuvalu
85%
Nauru
85%
Solomon Islands
77%
Vanuatu
77%
Marshall Islands
69%
Kiribati
62%

Score Distribution

Percentile by Number Answered

Percent of People with Each Score

Your Score History

You have not taken this quiz